000 00533nam a22001937a 4500
003 DO-SdBNP
005 20220714100254.0
007 ta
008 201103b 2018 dr f 00| 0 eng d
020 _a9789945090970
040 _aDO-SdBNP
_bspa
_cBNPHU
082 4 _bG216p
_222
100 1 _aGarcía, Ruthy
_977122
245 1 3 _aLa Procedencia :
_bun inicio dentro del lapso (2)
_cRuthy García.
260 _aSanto Domingo :
_bs. n. ;
_c2018.
300 _a151 p. ;
_c23 cm.
590 _aInventariado, 2022/BT
942 _2ddc
_cLBS1
999 _c49037
_d49037